Boats, ships and shipyards : proceedings of the ninth International Symposium on Boat and Ship Archaeology, Venice 2000

Αποθηκεύτηκε σε:
Λεπτομέρειες βιβλιογραφικής εγγραφής
Συγγραφή απο Οργανισμό/Αρχή: International Symposium on Boat and Ship Archaeology Venice, Italy
Άλλοι συγγραφείς: Beltrame, Carlo (Επιμελητής έκδοσης)
Μορφή: Πρακτικό Συνεδρίου Βιβλίο
Γλώσσα:English
Δημοσίευση: Oxford : Oxbow Books, 2003
Θέματα:
Ετικέτες: Προσθήκη ετικέτας
Δεν υπάρχουν, Καταχωρήστε ετικέτα πρώτοι!

MARC

LEADER 00000cam a2200000 i 4500
001 1/63620
008 041022s2003 eng d
020 |a 1-84217-093-7 
035 |l 10074868 
040 |a GR-MY-UA  |b gre  |e aacr 
041 0 |a eng 
082 0 |a 623.809 
111 2 |a International Symposium on Boat and Ship Archaeology   |n (9th :   |d 2000 :   |c Venice, Italy) 
245 1 0 |a Boats, ships and shipyards :  |b proceedings of the ninth International Symposium on Boat and Ship Archaeology, Venice 2000 /  |c edited by Carlo Beltrame 
260 |a Oxford :   |b Oxbow Books,   |c 2003 
300 |a 362 p. 
504 |a Includes bibliographical references and index 
650 0 0 |a Ships  |x History  |x Congresses. 
650 0 0 |a Boats and boating  |x History  |x Congresses. 
650 0 0 |a Shipbuilding  |x History  |x Congresses. 
650 0 0 |a Underwater archaeology  |x Congresses. 
650 0 0 |a Excavations (Archaeology)  |x Congresses. 
700 1 |a Beltrame, Carlo.  |4 edt 
852 |a INST  |b RHODES  |e 20041022  |h 623.809 INT  |p 005400018342  |q 005400018342  |t BK  |y 0 
901 |a BIBL4-2004-3 
920 |a ΔΙΕΥΡΥΝΣΗ  |b ΕΠΕΑΕΚ ΙΙ-ΤΜΣ  |y ΡΟΔΟΣ  |z 2004-10 
970 |a ΚΟΥΛΑΚΙΟΤΗ  |b ΛΙΤΣΑ  |z 2004/10/22